Microbiology / (Record no. 17718)

MARC details
000 -LEADER
fixed length control field 005800000a22001930004500
008 - FIXED-LENGTH DATA ELEMENTS--GENERAL INFORMATION
fixed length control field 081031t xxu||||| |||| 00| 0 eng d
010 ## - LIBRARY OF CONGRESS CONTROL NUMBER
LC control number ENG-84384
020 ## - INTERNATIONAL STANDARD BOOK NUMBER
International Standard Book Number 8178801574
020 ## - INTERNATIONAL STANDARD BOOK NUMBER
Terms of availability 500.00 (hb)
035 ## - SYSTEM CONTROL NUMBER
System control number EN-67917
082 ## - DEWEY DECIMAL CLASSIFICATION NUMBER
Classification number 576
100 ## - MAIN ENTRY--PERSONAL NAME
Personal name Jas, P K
245 ## - TITLE STATEMENT
Title Microbiology /
Statement of responsibility, etc by P K Jas
260 ## - PUBLICATION, DISTRIBUTION, ETC. (IMPRINT)
Place of publication, distribution, etc New Delhi
Name of publisher, distributor, etc Rajat Publications
260 ## - PUBLICATION, DISTRIBUTION, ETC. (IMPRINT)
Date of publication, distribution, etc 2005
300 ## - PHYSICAL DESCRIPTION
Extent viii,237p
Dimensions 22cm
942 ## - ADDED ENTRY ELEMENTS (KOHA)
Source of classification or shelving scheme Dewey Decimal Classification
Koha item type English Books
Classification part 576
Call number suffix JAS
Holdings
Withdrawn status Lost status Source of classification or shelving scheme Damaged status Not for loan Home library Current library Date acquired Cost, normal purchase price Total Checkouts Full call number Barcode Date last seen Copy number Cost, replacement price Price effective from Koha item type
    Dewey Decimal Classification   Not For Loan D.B.Act.Division D.B.Act.Division 02/03/2007 500.00   576 JAS EN-67917 04/11/2008 1 500.00 04/11/2008 English Books

© Delhi Public Library
Hit Counter
free hit counter